Statistics for Biggest World Cities with Long Names

Click here to take the quiz!

General Stats

  • This quiz has been taken 56 times
  • The average score is 14 of 20

Answer Stats

PopulationCountryCity% Correct
5.50 milRussiaSaint Petersburg
98%
3.05 milGuatemalaGuatemala City
98%
13.1 milSouth AfricaJohannesburg
96%
12.7 milBrazilRio de Janeiro
96%
2.90 milHaitiPort-au-Prince
96%
3.75 milDominican RepublicSanto Domingo
94%
8.30 milVietnamHo Chi Minh City
94%
7.70 milUnited StatesSan Francisco
85%
2.28 milMadagascarAntananarivo
85%
7.35 milUnited StatesPhiladelphia
80%
4.95 milBrazilBelo Horizonte
70%
1.62 milRussiaYekaterinburg
69%
2.33 milUnited StatesSalt Lake City
56%
2.03 milColombiaBarranquilla
56%
1.76 milRussiaNizhny Novgorod
56%
1.94 milUnited StatesIndianapolis
46%
2.13 milNigeriaPort Harcourt
43%
1.61 milUnited StatesVirginia Beach
30%
3.95 milChinaShijiazhuang
26%
2.03 milIndiaVishakhapatnam
19%

Score Distribution

Percentile by Number Answered

Percent of People with Each Score

Your Score History

You have not taken this quiz